| Tag |
First Indicator |
Second Indicator |
Subfields |
| LEADER |
00000cam a2200000 4500 |
| 001 |
in00001855921 |
| 006 |
m | d | |
| 007 |
cr |n||||||||n |
| 008 |
791208s1784 enk|||| s 00||||eng d |
| 005 |
20260403173925.9 |
| 035 |
|
|
|a (CStRLIN)ESTCT85369
|
| 040 |
|
|
|a Uk-ES
|c Uk-ES
|d CStRLIN
|d Thomson Gale
|d UtOrBLW
|
| 100 |
1 |
|
|a Thicknesse, Philip,
|d 1719-1792.
|
| 245 |
1 |
2 |
|a A year's journey through the Paix Bâs :
|b and Austrian Netherlands. By Philip Thicknesse. Vol.I.
|
| 264 |
|
3 |
|a London :
|b printed in the year,
|c 1784.
|
| 300 |
|
|
|a vii[i.e.xi], 351, that is, 347 pages, 1 unnumbered page, plate ;
|c 8⁰.
|
| 336 |
|
|
|a text
|b txt
|2 rdacontent
|
| 337 |
|
|
|a computer
|b c
|2 rdamedia
|
| 338 |
|
|
|a online resource
|b cr
|2 rdacarrier
|
| 500 |
|
|
|a No more published.
|
| 500 |
|
|
|a With a half-title, list of subscribers and an additional list of subscribers at the rear.
|
| 500 |
|
|
|a Pp.x-xi misnumbered vi-vii and pp.185-188 omitted from the pagination.
|
| 500 |
|
|
|a Reproduction of original from the British Library.
|
| 510 |
4 |
|
|a English Short Title Catalog,
|c ESTCT85369.
|
| 533 |
|
|
|a Electronic reproduction.
|b Farmington Hills, Mich. :
|c Thomson Gale,
|d 2003.
|n Available via the World Wide Web.
|n Access limited by licensing agreements
|7 s2003 miunns
|
| 500 |
|
|
|a Electronic resource.
|
| 830 |
|
0 |
|a Eighteenth century collections online.
|
| 856 |
4 |
0 |
|u http://proxy.library.tamu.edu/login?url=https://galenet.galegroup.com/servlet/ECCO?c=1&stp=Author&ste=11&af=BN&ae=T085369&tiPG=1&dd=0&dc=flc&docNum=CW101977572&vrsn=1.0&srchtp=a&d4=0.33&n=10&SU=0LRH&locID=txshracd2898
|z Full text online
|t 0
|
| 999 |
|
|
|a MARS
|
| 999 |
f |
f |
|s 5b9983cb-c7d3-3610-8244-a44c08655438
|i c0b944fd-bc03-31a2-abd3-8d16de384137
|t 0
|
| 952 |
f |
f |
|a Texas A&M University
|b College Station
|c Electronic Resources
|s www_evans
|d Available Online
|t 0
|h No information provided
|
| 998 |
f |
f |
|t 0
|l Available Online
|